| 000 | 02517nam a2200325Ia 4500 | ||
|---|---|---|---|
| 999 |
_c49627 _d49627 |
||
| 001 | 16559 | ||
| 003 | GE_BSU | ||
| 005 | 20250213124148.0 | ||
| 008 | 181216s2015||||ge |||||||||||||| ||geo|| | ||
| 020 | _a9789941240867 | ||
| 040 | _cGE_BSU | ||
| 041 | _ageo | ||
| 080 | _a27-36 წ-71 | ||
| 245 |
_a წმინდა მღვდელმოწამე ვლასი ; წმინდა ევტიქიოს კონსტანტინოპოლელი ; წმინდა გერმანე კონსტანტინოპოლელი ; წმინდა თეოდორე სტუდიელი ; წმინდა გრიგოლ პალამა / _cშემდგენელი კახაბერ კენკიშვილი ; გარეკანის დიზაინი ეთერ გზირიშვილი. |
||
| 264 |
_aთბილისი : _bპალიტრა L, _c2015. |
||
| 300 |
_a199 გვ. ; _c20 სმ. |
||
| 490 |
_aსაქართველოს იმედი II : ყველა წმინდანი, რომელთა შესახებაც უნდა იცოდე / პროექტის რედაქტორი თამარ მამაცაშვილი ; _v წიგნი 31. |
||
| 500 | _aიბეჭდება სრულიად საქართველოს კათოლიკოს-პატრიარქის, უწმინდესისა და უნეტარესის ილია II-ის ლოცვა-კურთხევით | ||
| 541 | _h2ლ. | ||
| 653 | _aრელიგია | ||
| 653 | _aწმინდა მღვდელმოწამე ვლასი | ||
| 653 | _a წმინდა ევტიქიოს კონსტანტინოპოლელი | ||
| 653 | _aწმინდა გერმანე კონსტანტინოპოლელი | ||
| 653 | _aწმინდა თეოდორე სტუდიელი | ||
| 653 | _aმინდა გრიგოლ პალამა | ||
| 700 |
_aკენკიშვილი, კახაბერ _e შემდგენელი _924355 |
||
| 700 |
_aმამაცაშვილი, თამარ _eპროექტის რედაქტორი _924356 |
||
| 700 |
_aგზირიშვილი, ეთერ _eგარეკანის დიზაინერი _924357 |
||
| 942 |
_cBK _2udc |
||